00838nam a2200217Ia 4500008004100000020001800041082001900059100001800078245010600096250002000202300006400222490001700286500005000303650009400353264003500447336002700482337003300509338002800542040003500570999001500605161108s9999 xx 000 0 und d a9789587625462 a624.18341 P27h aPerles, Pedro aHormigón armado, tomo I :b introducción a nueva norma CIRSOC 201/c05 A.C.I.318 /c Pedro Perles aSexta edición a414 páginas :b ilustraciones en blanco y negro ;c 28 cm aIngeniería aIncluye bibliografía y apéndice de tablas aHormigon Armado / Hormigon - Expansion Y Contraccion / Materiales De Construccion / Vigas aBogotá :b Ediciones de la U atextobtxt2rdacontent asin mediaciónbn2rdamedia avolumenbnc2rdacarrier aCO-BoRNBPbspaerdacCO-BoRNBP c7391d7391